Discurso contra el art. 6º del dictámen de la Comision de presupuestos referente al de ingresos para el año económico de 1876-77 (Record no. 152441)

MARC details
000 -LEADER
campo de control de longitud fija 00815nam a2200169 i 4500
001 - NÚMERO DE CONTROL
campo de control 152441
003 - IDENTIFICADOR DE NÚMERO DE CONTROL
campo de control ES-MaACL
005 - FECHA Y HORA DE LA ÚLTIMA TRANSACCIÓN
campo de control 20230906204739.0
008 - DATOS DE LONGITUD FIJA--INFORMACIÓN GENERAL
campo de control de longitud fija 931025s1876 sp |||| | spa d
040 ## - FUENTE DE CATALOGACIÓN
Centro catalogador/agencia de origen PAB
Lengua de catalogación spa
Centro/agencia transcriptor PAB
100 1# - ENTRADA PRINCIPAL--NOMBRE DE PERSONA
Nombre de persona Bosch y Labrús, Pedro.
9 (RLIN) 30670
245 10 - MENCIÓN DEL TÍTULO
Título Discurso contra el art. 6º del dictámen de la Comision de presupuestos referente al de ingresos para el año económico de 1876-77
Resto del título : pronunciado por D. Pedro Bosch y Labrús en la sesion celebrada en el Congreso de los Diputados del dia 4 de Julio de 1876.
260 ## - PUBLICACIÓN, DISTRIBUCIÓN, ETC.
Lugar de publicación, distribución, etc. Barcelona :
Nombre del editor, distribuidor, etc. [s.n.],
Fecha de publicación, distribución, etc. 1876 (
Fabricante Establecimiento Tipográfico de L. Domenech)
300 ## - DESCRIPCIÓN FÍSICA
Extensión 19 p. ;
Dimensiones 28 cm.
596 #1 - NOTA AL PIE DE IMPRENTA
NOTA AL PIE DE IMPRENTA La fecha consta en colofón.
852 ## - LOCALIZACIÓN
Ubicación ES-MaACL
Número de control de estantería T-204-F-22
Nota libre -- Enc. hol., falto de la enc. original
-- -- Enc. en un vol. facticio
Holdings
Estatus retirado Estado de pérdida Estado de daño No para préstamo Colección Biblioteca de origen Biblioteca actual Ubicación en estantería Fecha de adquisición Total de préstamos Signatura topográfica completa Código de barras Visto por última vez Precio de reemplazo Tipo de ítem Koha
        Colección de folletos Biblioteca del Ateneo de Madrid Biblioteca del Ateneo de Madrid Depósito folletos 17/01/2008   T-204-F-22 1159179 23/02/2023 23/02/2023 Folleto